| 000 | 00494cam a2200193ua 4500 | ||
|---|---|---|---|
| 001 | 12240 | ||
| 005 | 20260515114844.0 | ||
| 008 | 200320n ii |||gr||||Z||||||asm | ||
| 020 | _a9788173393397 | ||
| 040 | _cMAIN | ||
| 082 | _a491.451 | ||
| 100 |
_aArpana Konwar, _eAuthor. |
||
| 245 |
_aBhasa vijanan upakramanika _cBy Arpana Konwar |
||
| 250 | _a7th rep. | ||
| 260 |
_aDibrugarh: _bBanalata, _c2018. |
||
| 300 | _a320p. | ||
| 653 | _aEast Indo-European & Celtic languages | ||
| 942 | _cBK | ||
| 999 |
_c10987 _d10987 |
||